Открытие месторождений золота Тихоокеанского рудного пояса (1959-2008 годы) (Запись № 433646)

Подробности
000 -МАРКЕР
контрольное поле 01928nam0a2200373 4500
001 - ИДЕНТИФИКАТОР ЗАПИСИ
контрольное поле RU\NLR\bibl\1284373
005 - ИДЕНТИФИКАТОР ВЕРСИИ
контрольное поле 20260405173622.0
010 ## - МЕЖДУНАРОДНЫЙ СТАНДАРТНЫЙ НОМЕР КНИГИ (ISBN)
Номер (ISBN) 978-5-91522-031-6
Тираж 500
021 ## - НОМЕР ГОСУДАРСТВЕННОЙ РЕГИСТРАЦИИ
Код страны российская федерация
Номер 2008-65266
Номер Листа государственной регистраци 3716
035 ## - ДРУГИЕ СИСТЕМНЫЕ НОМЕРА
Идентификатор записи (NLR Aleph) 001270109
100 ## - ДАННЫЕ ОБЩЕЙ ОБРАБОТКИ
Данные общей обработки 20081015d2008 |||y0rusy50 ca
101 0# - ЯЗЫК РЕСУРСА
Язык текста, звукозаписи и т.д. русский
102 ## - СТРАНА ПУБЛИКАЦИИ ИЛИ ПРОИЗВОДСТВА
Страна публикации российская федерация
105 ## - ПОЛЕ КОДИРОВАННЫХ ДАННЫХ: ТЕКСТОВЫЕ МАТЕРИАЛЫ, МОНОГРАФИЧЕСКИЕ
Кодированные данные о монографическом текстовом документе a |||||||||
200 1# - ЗАГЛАВИЕ И СВЕДЕНИЯ ОБ ОТВЕТСТВЕННОСТИ
Основное заглавие Открытие месторождений золота Тихоокеанского рудного пояса (1959-2008 годы)
Первые сведения об ответственности С.Ф. Стружков, В.В. Аристов, В.А. Данильченко [и др.]
Последующие сведения об ответственности отв. ред. д.г.-м.н. М.М. Константинов
210 ## - ПУБЛИКАЦИЯ, РАСПРОСТРАНЕНИЕ И ДР.
Место издания, распространения и т.д. Москва
Имя издателя, распространителя и т. д. Научный мир
Дата издания, распространения и т.д. 2008
215 ## - ФИЗИЧЕСКАЯ ХАРАКТЕРИСТИКА
Специфическое обозначение материала и объем 214, [1] с., [20] л. цв. ил.
Другие сведения о физической характеристике ил., карт.
Размеры 30
300 ## - ОБЩИЕ ПРИМЕЧАНИЯ
Текст примечания Рез. на англ. яз.
320 ## - ПРИМЕЧАНИЯ О НАЛИЧИИ В ДОКУМЕНТЕ БИБЛИОГРАФИИ / УКАЗАТЕЛЯ
Текст примечания Библиогр.: с. 205-213
320 ## - ПРИМЕЧАНИЯ О НАЛИЧИИ В ДОКУМЕНТЕ БИБЛИОГРАФИИ / УКАЗАТЕЛЯ
Текст примечания Алф. указ. осн. месторождений: с. 214
606 1# - НАИМЕНОВАНИЕ ТЕМЫ КАК ПРЕДМЕТ
Наименование темы Золоторудные месторождения
Тематический подзаголовок История открытия
Географический подзаголовок Тихоокеанский рудный пояс
Хронологический подзаголовок 1959 - 2008
Системный номер авторитетной/нормативной записи 2545682
Идентификатор авторитетной/нормативной записи RU\NLR\auth\661506750
686 ## - ИНДЕКСЫ ДРУГИХ КЛАССИФИКАЦИЙ
Индекс Д451.41-09(051)г
701 #1 - ИМЯ ЛИЦА - АЛЬТЕРНАТИВНАЯ ОТВЕТСТВЕННОСТЬ
Код отношения Автор
Материалы, к которым относится поле rus
Графика поля Кириллица
Начальный элемент ввода Стружков
Часть имени, кроме начального элемента ввода С. Ф.
Расширение инициалов личного имени Сергей Феликсович
Идентификатор авторитетной/нормативной записи RU\NLR\auth\7774979
Системный номер авторитетной/нормативной записи 57907
701 #1 - ИМЯ ЛИЦА - АЛЬТЕРНАТИВНАЯ ОТВЕТСТВЕННОСТЬ
Код отношения Автор
Материалы, к которым относится поле rus
Графика поля Кириллица
Начальный элемент ввода Данильченко
Часть имени, кроме начального элемента ввода В. А.
Расширение инициалов личного имени Виктор Александрович
Идентификатор авторитетной/нормативной записи RU\NLR\auth\7774977
Системный номер авторитетной/нормативной записи 57905
701 #1 - ИМЯ ЛИЦА - АЛЬТЕРНАТИВНАЯ ОТВЕТСТВЕННОСТЬ
Код отношения Автор
Материалы, к которым относится поле rus
Графика поля Кириллица
Начальный элемент ввода Аристов
Часть имени, кроме начального элемента ввода В. В.
Расширение инициалов личного имени Василий Васильевич
Идентификатор авторитетной/нормативной записи RU\NLR\auth\7774982
Системный номер авторитетной/нормативной записи 57910
702 #1 - ИМЯ ЛИЦА - ВТОРИЧНАЯ ОТВЕТСТВЕННОСТЬ
Код отношения Редактор
Материалы, к которым относится поле rus
Графика поля Кириллица
Начальный элемент ввода Константинов
Часть имени, кроме начального элемента ввода М. М.
Дополнения к именам, кроме дат д-р геол.-минерал. наук
Даты 1937-2017
Расширение инициалов личного имени Михаил Михайлович
Идентификатор авторитетной/нормативной записи RU\NLR\AUTH\7748225
Системный номер авторитетной/нормативной записи 31160
801 #0 - ИСТОЧНИК ЗАПИСИ
Страна российская федерация
Организация NLR
Дата составления 20081015
Правила каталогизации RCR
801 #1 - ИСТОЧНИК ЗАПИСИ
Страна российская федерация
Организация NLR
Дата составления 20081015
830 ## - ОБЩЕЕ ПРИМЕЧАНИЕ, СОСТАВЛЕННОЕ КАТАЛОГИЗАТОРОМ
Текст примечания по эк
942 ## - ДОПОЛНИТЕЛЬНЫЕ ЭЛЕМЕНТЫ ЗАПИСИ (АБИС)
Тип экземпляра АБИС Книга
980 ## - КОЛЛЕКЦИЯ
Название коллекции Национальная библиография
Экземпляры
Тип экземпляра Дата поступления Источник поступления Библиотека постоянного хранения Библиотека текущего хранения Место хранения Шифр хранения Штрих-код Статус не для выдачи
Книга 15.10.2008 Обязательный экземпляр РНБ (Московский) РНБ (Московский) Русский книжный фонд: издания с 1957 года, 9этаж 2008-8/3052 1-3123422  
Книга 15.10.2008 Обязательный экземпляр РНБ (Московский) РНБ (Московский) Русский книжный фонд: издания с 1957 года, 9этаж 2008-8/3052 2773277